000 00745nas a2200277 4500
001 BR2019000734
003 BR-BrBNA
005 20231205132026.0
007 ta
008 230509b bl.|||p| |||| 00| 00por d
040 _aBR-BrBNA
_bpor
_cBiblioteca Nacional de Agricultura
041 _a(Pt)
072 _aU40; F04
100 1 _aGottems, L.
100 1 _a
245 1 _aAP: lavoura sob rigorosa gestão
650 _aLavoura
650 _aGestão
650 _aAgricultura de precisão
650 _aComputador
650 _aGeoreferenciamento
650 _aManejo
773 0 _tA Granja (Brazil)
_x0367-505X
_g(Sep 2017), v. 73(825) p. 24-32
_wBR2019000734
909 _a202311
_bLúcia
_c55
_dLúcia Elande
942 _2AGRIS
_n0
_cANA
999 _c258041
_d258041